| Tag |
First Indicator |
Second Indicator |
Subfields |
| LEADER |
00000cam a2200000 4500 |
| 001 |
in00000308913 |
| 005 |
20151010093856.0 |
| 008 |
740618s1955 enka 00000 eng d |
| 010 |
|
|
|a 55057100
|
| 035 |
|
|
|a (OCoLC)00921600
|
| 035 |
|
|
|9 ABG8596AM
|
| 040 |
|
|
|c TOL
|d TXA
|d UtOrBLW
|
| 049 |
|
|
|a TXAM
|c [468145]
|
| 050 |
0 |
0 |
|a DA396.N5
|b N5
|
| 100 |
1 |
|
|a Nicholas, Donald.
|
| 245 |
1 |
0 |
|a Mr. Secretary Nichols (1593-1669) :
|b his life and letters.
|
| 264 |
|
1 |
|a London :
|b Bodley Head,
|c 1955.
|
| 300 |
|
|
|a 336 pages :
|b illustrations ;
|c 23 cm.
|
| 336 |
|
|
|a text
|b txt
|2 rdacontent
|
| 337 |
|
|
|a unmediated
|b n
|2 rdamedia
|
| 338 |
|
|
|a volume
|b nc
|2 rdacarrier
|
| 600 |
1 |
0 |
|a Nicholas, Edward,
|c Sir,
|d 1593-1669.
|
| 999 |
|
|
|a MARS
|
| 999 |
f |
f |
|s 4d3ef4b5-f6c0-395f-81c8-ec669daefe30
|i bf1260fe-ca47-3525-965e-0108774d08b5
|t 0
|
| 952 |
f |
f |
|p ric
|a Texas A&M University
|b Rellis Campus
|c Joint Library Facility
|d Remote Storage
|t 0
|e DA396.N5 N5
|h Library of Congress classification
|i unmediated -- volume
|m A14801922600
|
| 998 |
f |
f |
|a DA396.N5 N5
|t 0
|l Remote Storage
|